International Journal of Pediatric Nursing (IJPN) (Record no. 1673)

MARC details
000 -LEADER
Fixed length control field 00466nas a2200181za 4500
003 - CONTROL NUMBER IDENTIFIER
Control field IIN
005 - DATE AND TIME OF LATEST TRANSACTION
Control field 20250205114931.0
008 - FIXED-LENGTH DATA ELEMENTS--GENERAL INFORMATION
Fixed length control field 250205c |||gn|j| |||| 00| 0 eng d
022 ## - INTERNATIONAL STANDARD SERIAL NUMBER / ISSN
International Standard Serial Number 2455-6343
040 ## - CATALOGING SOURCE
Original cataloging agency IIN
245 ## - TITLE STATEMENT
Title International Journal of Pediatric Nursing (IJPN)
260 ## - IMPRINT
Place of publication Noida
Name of publisher Journal Pub
Date of publication 2015
300 ## - PHYSICAL DESCRIPTION
Page / Vol. No vol. 1 No. 1
310 ## - CURRENT PUBLICATION FREQUENCY
Current publication frequency Bi-annual
650 ## - SUBJECT ADDED ENTRY--TOPICAL TERM
Topical term PEDIATRIC NURSING - PERIODICAL
650 ## - SUBJECT ADDED ENTRY--TOPICAL TERM
Topical term NURSING - PERIODICAL
942 ## - ADDED ENTRY ELEMENTS (KOHA)
Koha item type Serials

No items available.

© Ideal Institute Of Nursing, All rights reserved.         Powered by Koha